| 000 | 00747nam a22001937a 4500 | ||
|---|---|---|---|
| 999 |
_c163877 _d163877 |
||
| 005 | 20190502160343.0 | ||
| 010 | _aUR-10058 | ||
| 020 |
_c300.00 _a9789387829381 |
||
| 035 | _aU-8613 | ||
| 037 | _bDBAD/PUB | ||
| 082 | _a921 | ||
| 100 | _aانيس صد يقی | ||
| 245 |
_aشمس ا لر حما ن فا ر و قی:علا متو ں کے صحر ا کا مسا فر _c انيس صد يقی |
||
| 246 |
_bShamsur RahmanFaruqui:Alamaton ke Sehra Ka Musafir(Urdu) _aby Dr.Anees Siddiqui |
||
| 260 |
_a Delhi _bEducational Publishing House _c2018 ء |
||
| 270 |
_a3191،Vakil Street,Kucha Pandit,Lal Kuan, _bDelhi _e110006 _k23216162 _l00911123211540 |
||
| 300 |
_a264ص _c22 Cm.(bk) |
||
| 942 |
_2ddc _cUR _h921 _mف ا ر |
||